El Protestantismo comparado con el Catolicismo en sus relaciones con la civilización europea.

Na minha lista:
Detalhes bibliográficos
Autor principal: Balmes Urpiá, Jaime Luciano
Formato: Livro
Idioma:espanhol
Publicado em: Barcelona, España Imprenta de Antonio Brusi 2015
Edição:Tercera edición
Assuntos:
Tags: Adicionar Tag
Sem tags, seja o primeiro a adicionar uma tag!

MARC

LEADER 00000cam a2200000 a 4500
001 UCE9523
003 CL-VaPUC
005 20220115074100.0
008 151022e20150000sp |||||||||||||||||spa|d
999 |c 361187  |d 361185 
040 |c Pontificia Universidad Católica de Valparaíso 
082 0 4 |a 291 BAL 2015  |2 21 
100 0 |a Balmes Urpiá, Jaime Luciano  |9 582379 
245 1 3 |a El Protestantismo comparado con el Catolicismo en sus relaciones con la civilización europea. 
250 |a Tercera edición 
260 0 3 |a Barcelona, España  |b Imprenta de Antonio Brusi  |c 2015 
300 |a 4 tomos. 
583 |a last modification  |c 20190725 04:14:56  |k Rodrigo Vera 
650 0 |a Religiones comparadas   |9 349653 
650 0 |a Catolicismo  |9 258690 
650 0 |a Protestantismo  |9 317293 
942 |c BK  |2 ddc 
945 |d 20151022 17:18:00  |a gsalatino 
952 |0 0  |1 0  |3 erd  |4 0  |6 291_000000000000000_BAL_2015  |7 0  |8 X  |9 471551  |a FDOBUD  |b FDOBUD  |h t.1  |i 5244196  |o 291 BAL 2015  |p 5244196  |r 2019-11-24  |t 1  |w 2019-11-24  |y BK_X  |z Catalogado en:20151022  |k BUD 
952 |0 0  |1 0  |3 erd  |4 0  |6 291_000000000000000_BAL_2015  |7 0  |8 X  |9 471552  |a FDOBUD  |b FDOBUD  |h t.2  |i 524420K  |o 291 BAL 2015  |p 524420K  |r 2019-11-24  |t 1  |w 2019-11-24  |y BK_X  |z Catalogado en:20151022  |k BUD 
952 |0 0  |1 0  |3 erd  |4 0  |6 291_000000000000000_BAL_2015  |7 0  |8 X  |9 471553  |a FDOBUD  |b FDOBUD  |h t.3  |i 5244218  |o 291 BAL 2015  |p 5244218  |r 2019-11-24  |t 1  |w 2019-11-24  |y BK_X  |z Catalogado en:20151022  |k BUD 
952 |0 0  |1 0  |3 erd  |4 0  |6 291_000000000000000_BAL_2015  |7 0  |8 X  |9 471554  |a FDOBUD  |b FDOBUD  |h t.4  |i 5244226  |o 291 BAL 2015  |p 5244226  |r 2019-11-24  |t 1  |w 2019-11-24  |y BK_X  |z Catalogado en:20151022  |k BUD